strength of materials (Record no. 5292)
[ view plain ]
| 000 -LEADER | |
|---|---|
| fixed length control field | 00296nam a2200121Ia 4500 |
| 008 - FIXED-LENGTH DATA ELEMENTS--GENERAL INFORMATION | |
| fixed length control field | 150201s2011 xx 000 0 und d |
| 082 ## - DEWEY DECIMAL CLASSIFICATION NUMBER | |
| Classification number | 620.112 |
| Item number | KUM |
| 100 ## - MAIN ENTRY--PERSONAL NAME | |
| Personal name | Kumar,Ranjan |
| 245 ## - TITLE STATEMENT | |
| Title | strength of materials |
| 260 ## - PUBLICATION, DISTRIBUTION, ETC. (IMPRINT) | |
| Name of publisher, distributor, etc. | AITBS Publications |
| Place of publication, distribution, etc. | Delhi |
| Date of publication, distribution, etc. | 2011 |
| 300 ## - PHYSICAL DESCRIPTION | |
| Extent | 389p. |
| 942 ## - ADDED ENTRY ELEMENTS (KOHA) | |
| Source of classification or shelving scheme | Dewey Decimal Classification |
| Koha item type | Books |
| Withdrawn status | Lost status | Source of classification or shelving scheme | Damaged status | Not for loan | Home library | Current library | Date acquired | SGTU | Total Checkouts | Total Renewals | Full call number | Barcode | Date last seen | Date last checked out | Bill Date | Koha item type |
|---|---|---|---|---|---|---|---|---|---|---|---|---|---|---|---|---|
| Withdrawn | Dewey Decimal Classification | SGT Engineering Library | SGT Engineering Library | 02/07/2011 | SGTU | 5 | 2 | 620.112 KUM | FE3806 | 04/05/2018 | 22/03/2018 | 09/02/2015 | Books | |||
| Dewey Decimal Classification | SGT Engineering Library | SGT Engineering Library | 02/07/2011 | SGTU | 5 | 2 | 620.112 KUM | FE3807 | 02/12/2019 | 23/11/2019 | 09/02/2015 | Books | ||||
| Withdrawn | Dewey Decimal Classification | SGT Engineering Library | SGT Engineering Library | 02/07/2011 | SGTU | 4 | 7 | 620.112 KUM | FE3808 | 16/04/2018 | 28/03/2018 | 09/02/2015 | Books | |||
| Withdrawn | Dewey Decimal Classification | SGT Engineering Library | SGT Engineering Library | 02/07/2011 | SGTU | 620.112 KUM | FE3809 | 09/02/2015 | 09/02/2015 | Books | ||||||
| Withdrawn | Dewey Decimal Classification | SGT Engineering Library | SGT Engineering Library | 02/07/2011 | SGTU | 620.112 KUM | FE3810 | 09/02/2015 | 09/02/2015 | Books |